| 000 | 01087cab a2200397 4500 | ||
|---|---|---|---|
| 001 | WB3005-49 | ||
| 008 | 090401t1994 xxu||||| |||| 00| 0 eng d | ||
| 035 | _a(Sirsi) u62343 | ||
| 041 | _aeng | ||
| 245 | _aCalais and Dover links | ||
| 260 | _c1994 | ||
| 350 | _a0 | ||
| 490 |
_aEuropean _v4 February 1994, 21(1) |
||
| 520 | _aEfforts made at both ends of the Channel tunnel will maximise the benefits of the connection. East Kent and Pas-de-Calais are both EC assisted areas. | ||
| 650 | _aBUSINESS PARKS | ||
| 650 | _aCALAIS | ||
| 650 | _aCHANNEL TUNNEL | ||
| 650 | _aDISTRIBUTION | ||
| 650 | _aDOVER | ||
| 650 | _aEC FUNDING | ||
| 650 | _aFRANCE | ||
| 650 |
_aInfrastructure _96246 |
||
| 650 | _aINTERREG | ||
| 650 | _aINWARD INVESTMENT | ||
| 650 | _aKENT | ||
| 650 | _aPAS-DE-CALAIS | ||
| 650 | _aREGIONAL DEVELOPMENT | ||
| 650 | _aSTORAGE | ||
| 650 | _aTOURISM | ||
| 690 | _aECONOMIC AND SOCIAL | ||
| 690 | _aEUROPE-SINGLE MARKET | ||
| 690 | _aOVERSEAS-EUROPE | ||
| 690 | _aTRANSPORT AND COMMUNICATIONS | ||
| 942 | _n0 | ||
| 948 | _c04/03/1997 | ||
| 999 |
_c38748 _d38748 |
||